000 00219nam a2200097Ia 4500
008 190216s9999||||xx |||||||||||||| ||und||
100 _aBhaskara Paniker
245 0 _aSciencende Santhesham
260 _bNull
942 _cBK
999 _c24459
_d24459